00510nam a2200181Ia 4500100003200000650001700032250000600049942000700055366000700062654001700069245002600086260001700112082000800129300000800137546002400145999001700169952014200186 aNagsarkar/T.K/ Sukhika/M.S  apower system a2 cBK f25 apower system aPower system Analysis bOxfordc2014 bNAG a736 aENGLISHcPAMPHALETS c21767d21767 001040708CRCaCRCEbCRCEd2023-03-17eAllied Publishersg382.50i897 dt 06.01.2017l0o NAGp24518r2023-03-17v510.00w0000-00-00yBK